000
00329nam a2200145Ia 4500
003
OSt
005
20240213143940.0
008
170524s9999 xx 000 0 und d
020
_a
978-0195671537
040
_c
IIMT
100
_a
KUMAR-R
245
0
_a
CONCRETE TECHNOLOGY
260
_b
NEW DELHI: VAYU EDUCATION
942
_2
ddc
_c
02
999
_c
7585
_d
7585